Algebraic theory of automata /
Guardado en:
| Autor Principal: | |
|---|---|
| Formato: | Libro |
| Idioma: | English |
| Publicado: |
New York :
Academic Press,
1968.
|
| Series: | ACM monograph series.
|
| Materias: | |
| Etiquetas: |
Agregar Etiqueta
Sin Etiquetas, Sea el primero en etiquetar este registro!
|
| LEADER | 00801cam a22002535a 4500 | ||
|---|---|---|---|
| 001 | EIQ.libpla000219 | ||
| 008 | 710304s1968####nyua#####b####001#0#eng#d | ||
| 005 | 20060510181910.0 | ||
| 245 | 1 | 0 | |a Algebraic theory of automata / |c Abraham Ginzburg. |
| 260 | |a New York : |b Academic Press, |c 1968. | ||
| 300 | |a ix, 165 p. : |b il. ; |c 24 cm. | ||
| 490 | 1 | |a ACM monograph series | |
| 500 | |a Incluye índice. | ||
| 504 | |a Bibliografía: p. 157-160. | ||
| 100 | 1 | |a Ginzburg, Abraham. | |
| 830 | 0 | |a ACM monograph series. | |
| 082 | 0 | 0 | |a 629.8/9 |
| 650 | 4 | |a Álgebra |x Teoría de las máquinas. | |
| 650 | 4 | |a Álgebra |x Autómatas | |
| 650 | 4 | |a Algebra |x Machine theory. | |
| 650 | 4 | |a Algebra |x Automata. | |
| 010 | |a 68023492 | ||
| 040 | |a DLC |c DLC |d AR-BbSID | ||
| 859 | |a AR-BbSID |b BIB. PLAPIQUI |h 512.74 |i Ginz 435 |p 2078 | ||
